Normal view
MARC view
Entry Topical Term
001 - CONTROL NUMBER
- control field: 67968
003 - CONTROL NUMBER IDENTIFIER
- control field: dpl
005 - DATE AND TIME OF LATEST TRANSACTION
- control field: 20240702123018.0
008 - FIXED-LENGTH DATA ELEMENTS
- fixed length control field: 240702|| aca||aabn | a|a d
040 ## - CATALOGING SOURCE
- Original cataloging agency: dpl
- Transcribing agency: dpl
150 ## - HEADING--TOPICAL TERM
- Topical term or geographic name as entry element: Sikhism
670 ## - SOURCE DATA FOUND
- Source citation: Work cat.: (dpl)203845: Mira balachandran 67967, Motivation stories for all ages-III/, 2015
